|
|
|
|
| LEADER |
00960nam a2200253 a 4500 |
| 001 |
4173745 |
| 008 |
111124s1980 ilu b 001 0 eng |
| 010 |
|
|
|a 79055223
|
| 020 |
|
|
|a 0256023700
|
| 040 |
|
|
|a DLC
|c DLC
|d DLC
|d BD-DhAAL
|
| 050 |
0 |
0 |
|a BF637.I5
|b G6 1980
|
| 082 |
0 |
0 |
|a 158/.3
|
| 100 |
1 |
|
|a Gorden, Raymond L.,
|d 1919-
|
| 245 |
1 |
0 |
|a Interviewing :
|b strategy, techniques, and tactics /
|c Raymond L. Gorden.
|
| 250 |
|
|
|a 3d ed.
|
| 260 |
|
|
|a Homewood, Ill. :
|b Dorsey Press ;
|a Georgetown, Ont. :
|b Irwin-Dorsey Ltd.,
|c 1980.
|
| 300 |
|
|
|a xvii, 554 p. ;
|c 24 cm.
|
| 490 |
0 |
|
|a The Dorsey series in sociology
|
| 504 |
|
|
|a Includes bibliographies and index.
|
| 541 |
|
|
|e 00001380
|
| 650 |
|
0 |
|a Interviewing.
|
| 852 |
1 |
|
|a Ayesha Abed Library
|c General shelf.
|
| 999 |
|
|
|c 11477
|d 11477
|
| 952 |
|
|
|0 0
|1 0
|2 ddc
|4 0
|6 158_300000000000000_GOR
|7 0
|9 18650
|a BRACUL
|b BRACUL
|c GEN
|d 2011-11-23
|g 0.00
|l 0
|o 158.3 GOR
|p 3010001380
|r 2011-11-23
|t 1
|w 2011-11-23
|y BK
|z Not price in Register
|